[Event "ESP-ch U10"]
[Site "Salobrena"]
[Date "2023.07.08"]
[Round "9"]
[White "Veiga Macias, Rodrigo"]
[Black "Pabon Hermann, David"]
[Result "1-0"]
[WhiteElo "1119"]
[BlackElo "1187"]
[PlyCount "75"]
[EventDate "2023.07.03"]
[EventType "swiss"]
[EventRounds "9"]
[EventCountry "ESP"]
[SourceTitle "EXT 2024"]
[Source "ChessBase"]
[SourceDate "2023.10.10"]
[SourceVersion "1"]
[SourceVersionDate "2023.10.10"]
[SourceQuality "1"]

1. e4 c5 2. Nf3 g6 3. d4 cxd4 4. Nxd4 Nc6 5. c4 Bg7 6. Be3 Qb6 7. Nb3 Qc7 8. Nc3 Nf6 9. f3 0-0 10. Be2 d6 11. 0-0 Ne5 12. Nd5 Qd8 13. Qd2 Be6 14. Kh1 Rc8 15. Rac1 a6 16. Na5 Bxd5 17. cxd5 Nh5 18. Nxb7 Qd7 19. Rxc8 Rxc8 20. Bxa6 Ra8 21. Qe2 Qa4 22. Bb5 Qxa2 23. f4 Rb8 24. Bc6 Nxc6 25. dxc6 Qxb2 26. Qxb2 Bxb2 27. Rf2 Bg7 28. Rc2 Nf6 29. c7 Rc8 30. Bb6 Nxe4 31. Na5 Nf6 32. Nc6 Nd5 33. Ba5 Nxc7 34. Nxe7+ Kf8 35. Nxc8 Ne6 36. Nxd6 Ke7 37. Bb4 Kd7 38. f5 1-0

[Event "ESP-ch U10"]
[Site "Salobrena"]
[Date "2023.07.06"]
[Round "6"]
[White "Gadea Marti, Rafael Nicolas"]
[Black "Pabon Hermann, David"]
[Result "1-0"]
[WhiteElo "1072"]
[BlackElo "1187"]
[PlyCount "117"]
[EventDate "2023.07.03"]
[EventType "swiss"]
[EventRounds "9"]
[EventCountry "ESP"]
[SourceTitle "EXT 2024"]
[Source "ChessBase"]
[SourceDate "2023.10.10"]
[SourceVersion "1"]
[SourceVersionDate "2023.10.10"]
[SourceQuality "1"]

1. d4 d5 2. Nf3 Nf6 3. e3 Bg4 4. Bd3 e6 5. Nbd2 Bd6 6. 0-0 0-0 7. h3 Bh5 8. b3 Nbd7 9. Bb2 Re8 10. Qe1 b6 11. Ne5 c5 12. f4 Qc7 13. Qg3 Red8 14. Nxd7 Qxd7 15. dxc5 Be7 16. e4 bxc5 17. exd5 exd5 18. Rae1 d4 19. Nc4 Bd6 20. Nxd6 Qxd6 21. Re5 h6 22. Rfe1 Re8 23. Rxe8+ Rxe8 24. Rxe8+ Nxe8 25. Kf2 Bg6 26. Bxg6 Qxg6 27. Qxg6 fxg6 28. Ba3 Nc7 29. Bxc5 Ne6 30. Bxa7 Kf7 31. Kf3 Ke7 32. Ke4 Kd6 33. Bxd4 Nxd4 34. Kxd4 g5 35. fxg5 hxg5 36. a4 Kc6 37. Kc4 Kb6 38. b4 g4 39. a5+ Ka7 40. hxg4 g5 41. b5 Kb7 42. a6+ Ka7 43. Kd5 Kb6 44. Ke6 Ka7 45. Kf6 Kb6 46. Kxg5 Ka7 47. Kf5 Kb6 48. g5 Ka7 49. g6 Kb6 50. g7 Ka7 51. g8Q Kb6 52. Qb8+ Ka5 53. a7 Kb4 54. a8R Kc4 55. Ra4+ Kc3 56. Qg3+ Kb2 57. Qb3+ Kc1 58. Ra1+ Kd2 59. Qd3# 1-0

[Event "ESP-ch U10"]
[Site "Salobrena"]
[Date "2023.07.05"]
[Round "4"]
[White "Mendoza Barcia, Mateo"]
[Black "Pabon Hermann, David"]
[Result "1-0"]
[WhiteElo "1484"]
[BlackElo "1187"]
[PlyCount "95"]
[EventDate "2023.07.03"]
[EventType "swiss"]
[EventRounds "9"]
[EventCountry "ESP"]
[SourceTitle "EXT 2024"]
[Source "ChessBase"]
[SourceDate "2023.10.10"]
[SourceVersion "1"]
[SourceVersionDate "2023.10.10"]
[SourceQuality "1"]

1. e4 c5 2. Nf3 Nc6 3. c3 g6 4. d4 d6 5. Be3 cxd4 6. cxd4 Bg7 7. Nc3 e6 8. Be2 Nge7 9. 0-0 0-0 10. Qd2 d5 11. e5 Nf5 12. Bf4 Qb6 13. Rfd1 Bd7 14. Na4 Qc7 15. Rac1 b6 16. Bd3 Nfe7 17. Bg5 Qb7 18. Nc3 Rac8 19. Nb5 Rb8 20. Nd6 Qa8 21. b4 a6 22. b5 axb5 23. Bxb5 Nc8 24. Qc3 Nxd6 25. exd6 Rbc8 26. Qb2 Qb7 27. Rd2 Na5 28. Rdc2 f6 29. Rc7 Rxc7 30. Rxc7 Qb8 31. Bxd7 fxg5 32. Bxe6+ Kh8 33. Ne5 Bxe5 34. dxe5 Nc4 35. Qd4 Qd8 36. Bxd5 Nxd6 37. exd6+ Qf6 38. Qxf6+ Rxf6 39. d7 Rd6 40. Rc8+ Kg7 41. d8Q Rxd8 42. Rxd8 b5 43. Rb8 g4 44. Rxb5 g3 45. hxg3 Kh6 46. a4 Kh5 47. a5 h6 48. Bf3# 1-0

[Event "ESP-ch U10 Rapid"]
[Site "Salobrena"]
[Date "2022.07.10"]
[Round "7"]
[White "Rodriguez Marti, Pau"]
[Black "Pabon Hermann, David"]
[Result "1-0"]
[WhiteElo "1079"]
[BlackElo "1191"]
[PlyCount "157"]
[EventDate "2022.07.09"]
[EventType "swiss (rapid)"]
[EventRounds "9"]
[EventCountry "ESP"]
[SourceTitle "EXT 2023"]
[Source "ChessBase"]
[SourceDate "2022.10.05"]
[SourceVersion "1"]
[SourceVersionDate "2022.10.05"]
[SourceQuality "1"]

1. e4 c5 2. Nf3 Nc6 3. d4 cxd4 4. Nxd4 g6 5. c4 Bg7 6. Nf3 d6 7. Nc3 Nf6 8. Bd3 0-0 9. 0-0 Bg4 10. h3 Bxf3 11. Qxf3 Ne5 12. Qe2 Nxd3 13. Qxd3 Rc8 14. Bg5 Qc7 15. b3 b5 16. Bxf6 Bxf6 17. Rac1 bxc4 18. Qf3 Be5 19. Nd5 Qd7 20. bxc4 f6 21. Rfd1 e6 22. Ne3 f5 23. exf5 exf5 24. c5 Qe6 25. cxd6 Rxc1 26. Rxc1 Bxd6 27. Rc6 Qe5 28. Qd5+ Qxd5 29. Nxd5 Bb8 30. Nf6+ Kg7 31. Nd7 Rd8 32. Nxb8 Rxb8 33. Rc7+ Kg8 34. Rxa7 Rb1+ 35. Kh2 Rb2 36. f3 h5 37. a4 g5 38. Ra5 g4 39. hxg4 fxg4 40. fxg4 hxg4 41. Rg5+ Kf8 42. Rxg4 Ra2 43. Rf4+ Kg8 44. Kh3 Ra3+ 45. g3 Kg7 46. Kh4 Kg6 47. g4 Ra2 48. Rb4 Ra3 49. Rb6+ Kg7 50. Rb7+ Kg6 51. Ra7 Kf6 52. a5 Kg6 53. a6 Kf6 54. Ra8 Kg7 55. g5 Ra5 56. a7 Ra6 57. Kh5 Ra5 58. Kg4 Ra4+ 59. Kf5 Ra5+ 60. Ke6 Kg6 61. Rg8+ Kh7 62. a8Q Rxa8 63. Rxa8 Kg7 64. Ra7+ Kg6 65. Ke7 Kg7 66. Ke6+ Kg6 67. Ke5 Kxg5 68. Rg7+ Kh5 69. Kf6 Kh6 70. Rg1 Kh5 71. Kf7 Kh6 72. Rg2 Kh5 73. Kf6 Kh4 74. Kf5 Kh3 75. Rg8 Kh2 76. Rg7 Kh1 77. Kf4 Kh2 78. Kf3 Kh3 79. Rh7# 1-0

[Event "ESP-ch U10 Rapid"]
[Site "Salobrena"]
[Date "2022.07.09"]
[Round "3"]
[White "Gonzalez Argandona, Manuel"]
[Black "Pabon Hermann, David"]
[Result "1-0"]
[WhiteElo "1409"]
[BlackElo "1191"]
[PlyCount "135"]
[EventDate "2022.07.09"]
[EventType "swiss (rapid)"]
[EventRounds "9"]
[EventCountry "ESP"]
[SourceTitle "EXT 2023"]
[Source "ChessBase"]
[SourceDate "2022.10.05"]
[SourceVersion "1"]
[SourceVersionDate "2022.10.05"]
[SourceQuality "1"]

1. e4 c5 2. Nf3 g6 3. c3 Nc6 4. d4 cxd4 5. cxd4 d5 6. exd5 Qxd5 7. Nc3 Qd8 8. d5 Nb8 9. Bc4 Bg7 10. 0-0 Nf6 11. Bg5 0-0 12. Qc1 Ng4 13. h3 Nf6 14. Bh6 Qc7 15. Bxg7 Kxg7 16. Bb3 Nbd7 17. Qd2 Ne5 18. Nxe5 Qxe5 19. Rfe1 Qd6 20. Rac1 b6 21. Nb5 Qd7 22. Nc3 Bb7 23. Rcd1 Rad8 24. Qe2 Rfe8 25. Ne4 Qf5 26. Nxf6 Qxf6 27. Qc4 Qg5 28. f3 e6 29. Qc3+ Kg8 30. d6 Bc8 31. Re2 e5 32. Red2 Bxh3 33. f4 exf4 34. Qxh3 Qc5+ 35. Kf1 Re3 36. Qh4 g5 37. Qf2 Qe5 38. Rd5 Qg7 39. Re1 Rxe1+ 40. Qxe1 Qh6 41. d7 Qh1+ 42. Ke2 Qxg2+ 43. Kd1 Qf3+ 44. Kc1 Qe3+ 45. Qxe3 fxe3 46. Ba4 f6 47. Rd3 f5 48. Rxe3 g4 49. Re8+ Rxe8 50. dxe8Q+ Kg7 51. Qe3 Kf6 52. Qf4 h5 53. Kd2 h4 54. Ke2 h3 55. Kf2 Kg6 56. Kg3 Kf6 57. Kh4 Ke6 58. Bb3+ Kf6 59. Qd6+ Kg7 60. Kg5 h2 61. Qxh2 g3 62. Qxg3 f4 63. Qxf4 a5 64. Qf6+ Kh7 65. Bc2+ Kg8 66. Kg6 b5 67. Qf7+ Kh8 68. Qh7# 1-0